000 00805nas a22001937a 4500
001 K121240
007 ta
008 200325b2020 ||||| |||| 00| 0 eng d
041 _aeng
245 _aPromoting mental health awareness
260 _c2020
490 _aRICS Modus
_vMarch 2020, 36-37(2)
520 _aThree experts advise on how companies can support their staff with mental health issues. Advise comes from JO Grant, Mental Health Project Coordinator at RICS charity Lionheart, Michael Holden, who runs a small firm of chartered surveyors in the north-west and Dave Vernon, senior project manager at construction consultant Edge.
650 _aMENTAL HEALTH
650 _aHUMAN RESOURCES
650 _aPEOPLE MANAGEMENT
651 _aUnited Kingdom
690 _96226
_aBusiness and management
999 _c121240
_d121240